Reino de Dios: presencia y utopía
Tallennettuna:
| Aineistotyyppi: | Kirja |
|---|---|
| Kieli: | espanja |
| Julkaistu: |
Santiago
CONEAT
2006
|
| Aiheet: | |
| Tagit: |
Lisää tagi
Ei tageja, Lisää ensimmäinen tagi!
|
MARC
| LEADER | 00000nam a2200000 a 4500 | ||
|---|---|---|---|
| 001 | UCI3547 | ||
| 003 | CL-VaPUC | ||
| 005 | 20221117151427.0 | ||
| 008 | 071109e20060000cl 1 spa d | ||
| 082 | 0 | 4 | |a 231.72 |b REI |2 21 |
| 245 | 1 | 0 | |a Reino de Dios: presencia y utopía |
| 260 | |a Santiago |b CONEAT |c 2006 | ||
| 300 | |a 97 p | ||
| 583 | |a last modification |c 20190828 10:04:38 |k Rodrigo Vera | ||
| 600 | 0 | |a Dios |9 314467 | |
| 650 | 0 | 0 | |a Religión |9 255164 |
| 650 | 0 | 0 | |a Cristianismo |9 257361 |
| 650 | 0 | 0 | |a Salvación |9 315007 |
| 650 | 0 | 0 | |a Biblia |9 257603 |
| 650 | 0 | 0 | |a Reino de Dios |9 327654 |
| 650 | 0 | 0 | |a Iglesia |9 255004 |
| 650 | 0 | 7 | |a JESUS |2 CL-VaPUC |9 395298 |
| 942 | |c BK | ||
| 945 | |a jtorresc |d 20071109 00:00:00 | ||
| 546 | |a En Español | ||
| 536 | |a Pontificia Universidad Católica de Chile | ||
| 518 | |p Congreso Nacional de Estudiantes del Area Teológica, 7, Santiago, 28-30 de Septiembre de 2006 | ||
| 999 | |c 384303 |d 384301 | ||
| 952 | |0 0 |1 0 |4 0 |6 231_720000000000000_REI_2006 |7 0 |8 A |9 506949 |a BIBTEO |b BIBTEO |d 2020-01-23 |i 4386841 |o 231.72 REI 2006 |p 4386841 |r 2025-01-17 |w 2020-01-23 |y BK |k ICR | ||